000 00592nam a2200205Ia 4500
003 GCL
008 140319s9999 xx 000 0 ara d
040 _aGCL /
_cGCL
082 0 4 _a398.245
_bب ك
100 1 _aعبدالله بن المقفع
245 1 0 _aكليلة و دمنة /
_cعبدالله بن المقفع
260 _a[S.N] :
_bدار الشروق ،
_c1994
300 _a336 ص
490 _a
650 0 4 _aالادب العربى
650 0 4 _aالبلاغة العربية
650 0 4 _aالادب الشعبى
650 0 4 _aكليلة ودمنة
942 _2ddc
_cBK
999 _c33151
_d33151